[Event "YUG-ch"]
[Site "Podgorica"]
[Date "1996.??.??"]
[Round "10"]
[White "Stojanovic, Mihajlo"]
[Black "Blagojevic, Dragisa"]
[Result "1-0"]
[WhiteElo "2435"]
[BlackElo "2450"]
[Annotator "Notkin,M"]
[PlyCount "109"]
[EventDate "1996.02.??"]
[EventType "tourn"]
[EventRounds "15"]
[EventCountry "YUG"]
[EventCategory "9"]
[SourceTitle "CBM 053"]
[Source "ChessBase"]
[SourceDate "1996.08.01"]
[SourceVersion "1"]
[SourceVersionDate "1996.08.01"]
[SourceQuality "1"]

1. d4 {Lutz Ftacnik} d5 2. c4 c6 3. Nc3 Nf6 4. e3 e6 5. Nf3 Nbd7 6. Bd3 dxc4 7.
Bxc4 b5 8. Bd3 a6 9. e4 c5 10. d5 c4 11. dxe6 fxe6 12. Bc2 Qc7 13. O-O Bc5 (
13... Bb7 {Lutz}) 14. e5 (14. Qe2) 14... Nxe5 (14... Ng4 $6 {Ftacnik} 15. Bf4)
15. Bf4 (15. Nxe5 {Ftacnik} Qxe5 16. Qf3 Ra7 17. Bf4 Qh5 18. Qc6+ Bd7) 15...
Bd6 (15... Nxf3+ {Ftacnik} 16. Qxf3 Qa7 17. Ne4 Bb7 18. Nxf6+ gxf6 19. Qh5+ Ke7
20. Rae1 Qb6 21. Rxe6+ Qxe6 22. Qxc5+ Kf7 23. Qh5+ Ke7 24. Bd2 {1-0 Delchev,
A-Stavrev,N/BUL-ch (08)/1994/ (35)}) 16. Ng5 (16. Bxe5 Bxe5 17. Nxe5 Qxe5 18.
Re1 Qc7 (18... Qc5 19. Ne4 Nxe4 20. Bxe4 Ra7 21. b4 Qg5 (21... Qe7 22. Qh5+ Qf7
23. Bc6+ Kf8 24. Qc5+ Qe7 25. Qb6 $44 {->}) 22. Bc6+ Kf7 23. a4 $44 {Ftacnik}
Rd8 24. Qf3+ Kg8 25. axb5 Rf7 26. Qe3 Qxe3 27. Rxe3 {Kortschnoj,V-Torre,E/
Bruxelles/1987/1/2-1/2 (68)}) (18... Qb8 19. Ne4 O-O 20. Nxf6+ gxf6 21. Qg4+
Kf7 22. Qh5+ Ke7 23. Qxh7+ Rf7 24. Qh5 Bd7 25. Rad1 Qc7 26. Bf5 Rd8 27. Qh3 Bc8
28. Qa3+ Rd6 29. Rd2 {1-0 Kragelj,I-Furlan,M/Ljubljana op (04)/1992/ (34)}) 19.
Nd5 (19. a4 b4 20. Nd5 Nxd5 21. Qxd5 Ra7 22. Qh5+ Qf7 23. Qc5 $40) 19... Nxd5
20. Qxd5 Ra7 21. Rxe6+ Bxe6 22. Qxe6+ $10 Qe7 (22... Kf8 23. Re1 Qd8 24. Rd1
$40) 23. Qc6+ Qd7 {Lutz} 24. Re1+ Kf8 25. Qc5+ {1/2-1/2 Gleizerov,E-Ulibin,M/
Cheliabinsk ;CBM 25 1991}) (16. Ne4 {Ftacnik} Nxf3+ $5 17. Qxf3 Bxf4 18. Nxf6+
gxf6 19. Qxa8 Bxh2+ 20. Kh1 O-O $44) 16... Nd3 (16... O-O 17. Nce4 (17. Bg3 $5)
17... Nxe4 18. Bxe4 Rxf4 19. Bxa8 Bc5 $146) (16... Bb7 17. Nxe6 Qc6 18. f3 Bc5+
19. Nxc5 Qxc5+ 20. Kh1 O-O 21. b4 $1 cxb3 22. Bxb3+ Kh8 23. Rc1 Nc4 $13) (16...
h6 {Ftacnik} 17. Nge4 Nxe4 18. Bxe4 $40) 17. Bxd6 Qxd6 18. Bxd3 Qxd3 (18...
cxd3 19. Qf3 Ra7 20. Rad1 Rd7 $2 21. Nxe6) 19. Qxd3 cxd3 20. Rad1 Ke7 (20... b4
{Ftacnik} 21. Na4 $14) 21. Rxd3 Rd8 (21... h6 22. Nge4 (22. Nf3 Bb7 23. Ne5
Rhd8 $10) 22... b4 $5 (22... Nxe4 23. Nxe4 Bb7 24. Nc5 Bd5 25. Re1 Rhd8 26.
Rde3 Rd6 $10) 23. Nxf6 bxc3 24. Ne4 cxb2 25. Rb3 $10) 22. Rxd8 (22. Rfd1 Rxd3
23. Rxd3 Bd7 {/\b4}) 22... Kxd8 23. Re1 Ke7 24. f4 Rb8 $2 (24... Kd6 $6 25.
Nce4+ Nxe4 26. Nxe4+ Kd5 (26... Ke7 27. Ng5 $16) 27. Kf2) (24... g6 $1 {Ftacnik
} 25. Ne2 h6 26. Nf3 Bb7 27. Ne5 $14) 25. f5 b4 $2 (25... Rb6 26. Nxh7 $1 b4
27. Na4 $16) (25... Kd6 $142) 26. Na4 Kd6 (26... Bd7 27. Nc5 $16) 27. Nxe6 g6
28. Rd1+ Ke7 (28... Ke5 29. Nd4 Bb7 30. fxg6 hxg6 31. Nc5 $16) 29. Nd4 Kf7 (
29... gxf5 $4 30. Nc6+) 30. fxg6+ hxg6 31. h3 $1 Rb7 (31... Bf5 32. g4 Be4 33.
Nc5 $18) 32. Nc5 Rc7 (32... Rb6 33. Nf3) 33. Nd3 Nd5 (33... a5 34. Ne5+ Kg7 35.
Nec6 $16) 34. Nc6 $1 Bf5 (34... b3 35. axb3 Bf5 36. Nde5+ $18) 35. Ncxb4 Nxb4
36. Nxb4 Rb7 37. a3 (37. Nxa6 {Ftacnik} Rxb2 38. a4 Bc2 39. Rd4 $18) 37... a5
38. Nd3 Kf6 (38... Bxd3 39. Rxd3 Rxb2 40. Rd5 (40. Rd5 a4 41. Ra5 $18)) (38...
Rb3 39. Ne5+ Kf6 40. Nc4) 39. b4 $1 axb4 (39... Bxd3 40. Rxd3 axb4 41. Rb3 $18)
40. Nxb4 $18 Ra7 41. Ra1 Be4 42. Re1 (42. a4 $2 Rb7) (42. Ra2 $1) 42... Kf5 43.
Re3 Rd7 44. Re2 (44. Kf2 Rd2+) 44... Ra7 (44... Rd1+ 45. Kf2 Ra1 46. Ra2 Rb1
47. Nc2) 45. Ra2 g5 (45... Bb1 46. Rf2+ Ke6 47. Rf3) (45... Ra4 $142) 46. a4
Ra5 (46... Rb7 47. Nc2 $18 (47. Na6 $18 {Ftacnik})) 47. Kf2 Kf4 48. g3+ Ke5 49.
Ke3 Ra8 50. a5 Rf8 51. Nd3+ Kd5 (51... Bxd3 {Ftacnik} 52. Kxd3 Rf3+ 53. Kc4
Rxg3 54. a6 Rxh3 55. a7 Rh4+ 56. Kc5 Rh8 57. a8=Q Rxa8 58. Rxa8 g4 59. Rg8 Kf4
60. Kd4 g3 61. Rf8+ Kg4 62. Ke3 $18) 52. Nf2 Rf3+ 53. Ke2 Rxg3 54. Nxe4 Kxe4
55. Ra4+ (55. Ra4+ {Ftacnik} Kd5 56. a6 $18) 1-0

[Event "YUG-ch"]
[Site "Podgorica"]
[Date "1996.??.??"]
[Round "6"]
[White "Gligoric, Svetozar"]
[Black "Stojanovic, Mihajlo"]
[Result "1/2-1/2"]
[WhiteElo "2475"]
[BlackElo "2435"]
[Annotator "Notkin,M"]
[PlyCount "84"]
[EventDate "1996.02.??"]
[EventType "tourn"]
[EventRounds "15"]
[EventCountry "YUG"]
[EventCategory "9"]
[SourceTitle "CBM 053"]
[Source "ChessBase"]
[SourceDate "1996.08.01"]
[SourceVersion "1"]
[SourceVersionDate "1996.08.01"]
[SourceQuality "1"]

1. d4 e6 2. c4 d5 3. Nf3 c6 4. e3 Nf6 5. Nc3 Nbd7 6. Bd3 dxc4 7. Bxc4 b5 8. Bd3
a6 9. e4 c5 10. d5 Qc7 11. O-O c4 12. Bc2 Bc5 13. Bg5 (13. Qe2 e5 14. Bd2 O-O
15. a3 Ne8 16. b4 Bd4 17. a4 Rb8 18. axb5 axb5 19. Ra5 Nd6 $10 {Karpov,
A-Morovic Fernandes,I/Las Palmas/1994/0.5/38/}) 13... Bb7 14. Qe2 (14. Bh4 e5
15. a3 O-O 16. Kh1 Ne8 17. Ng1 Nd6 18. Nge2 Rae8 $13 {Hauchard,A-Flear,G/
Clichy/1993/1:0/50/}) 14... O-O 15. dxe6 fxe6 16. Rae1 (16. Bh4 $2 Nh5) (16.
Nd2 Ne5 17. Bh4 Ng6 18. Bg3 Nf4 $36) 16... Ng4 17. e5 Rf7 $2 (17... Bxf3 18.
gxf3 Ndxe5 19. f4 h6 20. Qe4 $13) (17... h6 18. Bc1 $1 Bxf3 19. gxf3 Ndxe5 20.
f4 Nxf2 (20... Qf7 21. h3 $1 Qh5 22. Kg2 $18) 21. Rxf2 Bxf2+ 22. Qxf2 Nd3 23.
Bxd3 cxd3 $13) 18. Bh4 $2 (18. Be4 $1 Raf8 $2 (18... Ndxe5 19. Nxe5 Rxf2 20.
Qxg4 $1 $16) (18... Nh6 $14) 19. Bh4 $16) 18... Bxf3 19. gxf3 Ndxe5 20. Bg3
Nxf3+ 21. Qxf3 Rxf3 22. Bxc7 Rxf2 23. Ne4 $1 (23. Rxf2 Bxf2+ 24. Kf1 Rf8 $1 25.
Re4 Ne3+ 26. Rxe3 Bxe3+ 27. Ke2 Bd4 $19) 23... Rxf1+ 24. Kxf1 Ne3+ 25. Rxe3
Bxe3 26. Ke2 (26. Be5 $1 $15) 26... Bd4 27. b4 $2 (27. b3) 27... e5 $1 28. a4
Rf8 29. axb5 axb5 30. h4 h6 (30... g6) 31. h5 Rf5 32. Nd6 Rxh5 (32... Rf2+ $5
33. Kd1 Be3 34. Ne4 Rh2 35. Bxe5 Rxh5) 33. Nxb5 Rh2+ $2 (33... Kf8 $1 $19) 34.
Kd1 c3 (34... Rh1+ 35. Kd2 Kf8 36. Nxd4 exd4 37. b5 d3 38. b6 dxc2 39. Kxc2 $10
) 35. Nxd4 Rd2+ 36. Kc1 exd4 37. b5 d3 38. Bxd3 Rxd3 39. b6 Rd2 40. b7 Rb2 41.
b8=Q+ Rxb8 42. Bxb8 Kf7 1/2-1/2

[Event "Bad Homburg"]
[Site "Bad Homburg"]
[Date "1997.07.29"]
[Round "4"]
[White "Alterman, Boris"]
[Black "Gabriel, Christian"]
[Result "1-0"]
[WhiteElo "2615"]
[BlackElo "2575"]
[Annotator "Petursson,M"]
[PlyCount "83"]
[EventDate "1997.07.26"]
[EventType "tourn"]
[EventRounds "9"]
[EventCountry "GER"]
[EventCategory "14"]
[SourceTitle "CBM 060"]
[Source "ChessBase"]
[SourceDate "1997.09.29"]
[SourceVersion "1"]
[SourceVersionDate "1997.09.29"]
[SourceQuality "1"]

1. d4 {Lutz} d5 2. c4 c6 3. Nc3 e6 4. e3 Nf6 5. Nf3 Nbd7 6. Bd3 dxc4 7. Bxc4 b5
8. Bd3 a6 9. e4 c5 10. d5 Qc7 11. dxe6 fxe6 12. O-O Bb7 13. Bc2 c4 14. Nd4 Nc5
15. Be3 (15. Qe2 Bd6 16. f4 e5 17. Nf5 O-O 18. Nxd6 Qxd6 19. fxe5 Qxe5 20. Rf5
Qc7 21. Bg5 Nfxe4 22. Rxf8+ Rxf8 23. Nxe4 Qe5 24. Nf6+ gxf6 25. Bxh7+ Kxh7 26.
Qh5+ Kg8 27. Qg6+ {1/2-1/2 Kasparov,G-Akopian,V/Erevan olm 1996/EXT 96ch2})
15... e5 (15... O-O-O 16. Qe2 e5 17. Nf3 Bd6 18. Rad1 Rhe8 19. a4 b4 20. Nd5
Nxd5 21. exd5 e4 22. Ng5 h6 23. Qg4+ Qd7 24. Qxd7+ Rxd7 25. Bxc5 {Schandorff,
L-Hansen,C/Nordic Grand Prix 1997/EXP 56/1/2-1/2 (39)}) 16. Nf3 $146 {'N!'
Lutz.} (16. Nf5 Ncxe4 (16... Rd8 17. Qf3 Bd6 18. Rad1 Bc8 19. Nd5 Nxd5 20.
Nxd6+ Rxd6 21. Qh5+ Rg6 22. exd5 Nd3 23. Bxd3 cxd3 24. Rc1 Qb8 25. Ba7 {
1-0 Krasenkow,M-Oll,L/Rubinstein mem 1996/CBM 55/[Tyomkin,D]}) 17. Nxe4 Nxe4
18. a4 Rd8 (18... Qc6 19. axb5 axb5 20. Rxa8+ Bxa8 21. Qg4 g6 22. Nh6 Nf6 23.
Qg3 Bxh6 24. Bxh6 Kf7 25. f4 exf4 26. Bxf4 Re8 27. Bg5 Re6 28. h3 Kg7 29. Rf2
Qd6 30. Qc3 h6 31. Bh4 b4 32. Qxc4 Re1+ 33. Rf1 Rxf1+ 34. Kxf1 g5 35. Bf2 Qh2 {
1/2-1/2 Lautier,J-Kramnik,V/Monaco rapid 1996/EXP 52}) 19. Qe2 Qc6 20. axb5
axb5 21. Ra7 Rd7 22. Rfa1 g6 23. Qf3 gxf5 24. Rxb7 Qxb7 25. Qxf5 Nf6 26. Qxf6
Bg7 27. Qh4 Rd8 28. Ra7 Qxa7 29. Bxa7 Ra8 30. Qh5+ Ke7 31. Bc5+ Ke6 32. g3 Bf6
33. Be4 Ra2 34. Qf5+ Kf7 35. Qd7+ {1-0 Sadler,M-Wilson,J/BCF-ch Nottingham
1996/EXP 54}) 16... Rd8 {'!?' Lutz. Lutz: 'Wegen Alternativen betrachte man
die Stammpartie von 16.Nf3!, B.Gelfand-E.Bareev (Novgorod 1997).'} (16... Ncxe4
17. Nxe4 Nxe4 18. Bxe4 Bxe4 19. Ng5 $13) 17. Qe2 Be7 {'=' Lutz.} (17... Nd3 {
Lutz} 18. Rfd1 $5) 18. a4 {'!' Lutz.} Ncxe4 {'!?' Lutz. Lutz: 'Schwarz nimmt
den Bauern und gerät in einen Angriffstrudel. 18...b4 war nicht besser :'} (
18... b4 {Lutz} 19. Qxc4 bxc3 20. b4 {ist unerfreulich.}) 19. Nxe4 Bxe4 (19...
Nxe4 {Lutz} 20. axb5 axb5 21. Ra7 $36) 20. Bxe4 Nxe4 21. axb5 axb5 22. Ra7 Qd6
23. Bd4 $1 {Lutz: 'Verhindert ...Qd3, was nach 23.Bh6 stark gewesen wäre :'} (
23. Bh6 $6 {Lutz} Qd3 (23... gxh6 24. Qxe4 $16) (23... Qxh6 24. Qxe4 $16) 24.
Qxd3 Rxd3 25. Nxe5 (25. Bxg7 Rg8 26. Bxe5 $2 Rxf3) 25... Rd6 (25... Rd5 26. Nc6
$16) (25... gxh6 26. Nxd3 cxd3 27. Ra8+ Bd8 28. Re1 $18) 26. Ra8+ Bd8 27. Bxg7
Rg8 28. Bh6 Rxh6 29. Rxd8+ Kxd8 30. Nf7+ Kc7 31. Nxh6 Rd8 $132) 23... Ng5 {
'!?' Lutz.} (23... exd4 24. Qxe4 d3 {'!?' Lutz.} (24... Qc5 25. Qb7 Rf8 26. Re1
Rf7 27. Ne5 Qb4 28. Re4 (28. Kf1 $4 Qxe1+ 29. Kxe1 Bb4+ 30. Kd1 Rxb7 31. Rxb7
Ra8 $17) 28... Qxb2 29. Nd3 Qb1+ 30. Re1 Qxe1+ 31. Nxe1 d3 32. Qxb5+ Kf8 33.
Rd7 $18) 25. Re1 Rd7 26. Qa8+ (26. Rxd7 {Lutz} Kxd7 (26... Qxd7 27. Ne5 $16)
27. Qb7+ $16) 26... Kf7 27. Ne5+ $1 Qxe5 28. Qf3+ Qf6 29. Rxd7 Re8 30. Qh5+ Qg6
31. Qxb5 $18) (23... Nd2 $5 {Lutz wurde von Gabriel als Verbesserungsversuch
vorgeschlagen, taugt aber letzlich auch nicht viel :} 24. Qxd2 (24. Nxd2 $2
Qxd4) (24. Bxe5 $2 Nxf3+ 25. gxf3 Qd3) (24. Nxe5 $2 Nxf1 25. Nc6 Qxh2+ $1 26.
Kxf1 Qh1#) 24... exd4 25. Re1 {Besser als 25.Qe2 Rd7.} Rd7 26. Ra8+ Rd8 27.
Rxd8+ Qxd8 (27... Kxd8 28. Nxd4 $16) 28. Qb4 $16) 24. Nxe5 $1 (24. Nxg5 $2 {
Lutz} Qxd4 {ist nicht klar.}) 24... O-O $8 (24... Qxd4 {Lutz} 25. Rxe7+ Kxe7
26. Nc6+ $18) (24... Ne6 {Lutz} 25. Qh5+) {[%tqu "En","Can you find the
strongest move for White here?","You would really like to take his bishop with
your queen!","Attack his rook on d8 and the bishop on e7 simultaneously",
"e5c6","",15]} 25. Nc6 $1 {[%tqu "En","What is the strongest reply?","Sac your
queen!","","g5f3","",15,"d6c6","",0]} Nf3+ $2 {'?!' Lutz. Lutz: 'Auf diesen
Gegenschlag hat Schwarz gehofft, Weiß findet jedoch eine überzeugende
Widerlegung. Allerdings war es sowieso schon schwer.'} (25... Qxc6 26. Qxe7 Nf7
27. Bc3 {Lutz: 'und Schwarz kann sich nicht rühren'} Rde8 $2 {'!?' Lutz.} (
27... h6 $16) 28. Qg5 $3 {'!' Lutz.} Qg6 (28... Nxg5 29. Rxg7+ Kh8 30. Rg6+ Qf6
31. Bxf6+ Rxf6 32. Rxf6 Re2 33. Rf5 $18) 29. Qxb5 $18) (25... Nh3+ $5 {Lutz}
26. Kh1 $1 $18 (26. gxh3 $2 Qxc6 27. Qxe7 Qg6+ 28. Kh1 Rxd4 29. Rg1 $2 Qc6+ $19
)) 26. Qxf3 $1 $18 {'!' Lutz. Lutz: 'Gewinnt brilliant, allerdings war 26.gxf3
auch nicht von der Hand zu weisen :'} (26. gxf3 $5 {This is not as strong, but
probably also good enough to win! The variations are quite beautiful!} Qg6+ $1
(26... Qxc6 27. Qxe7 Qg6+ 28. Kh1 Rxd4 29. Rg1 {'+-' Lutz.} Qf7 30. Qe6 $3 $18
Qxe6 31. Rgxg7+ Kh8 32. Rxh7+ Kg8 33. Rag7#) 27. Kh1 Qxc6 28. Rxe7 Rxd4 29.
Rxg7+ {'!' Lutz.} Kxg7 (29... Kh8 30. Rxh7+) 30. Qe7+ Kg8 (30... Kg6 31. Rg1+
$18) 31. Rg1+ Qg6 32. Qe6+ $1 Rf7 (32... Kg7 33. Qe5+ $18) 33. Qe8+ Rf8 34.
Rxg6+ hxg6 35. Qxg6+ Kh8 36. Qh5+ Kg8 (36... Kg7 {Lutz} 37. Qxb5 $16) 37. Qxb5
Rdf4 $16) 26... Rxf3 27. Nxe7+ Kf8 28. Bxg7+ {'!' Lutz.} Ke8 (28... Kxg7 29.
Nf5+ Kf6 30. Nxd6 Rb3 31. Ra6 $18) 29. Nc6 $1 {Lutz: 'Die Pointe : Es droht
Re1+.'} (29. Nd5 $1 {was also winning!}) 29... Qe6 (29... Rf6 {Lutz} 30. Bxf6
Qxf6 31. Re1+ Kf8 32. Nxd8 Qxd8 33. Rxh7 $18) (29... Qxc6 {Lutz} 30. Re1+ $18)
(29... Re3 {Lutz} 30. fxe3 Qxc6 31. Rf8#) (29... Rd7 {Lutz} 30. Re1+ Kf7 31.
Rxd7+ Qxd7 32. Ne5+ $18) 30. Nxd8 {'!' Lutz.} Kxd8 31. gxf3 Qg6+ 32. Kh1 Qd3
33. Rfa1 Qxf3+ 34. Kg1 Qg4+ 35. Kf1 Qh3+ 36. Ke1 (36. Ke2 $2 {Lutz} Qd3+ 37.
Ke1 Qe4+ $11) 36... Qe6+ 37. Kd2 Qd5+ 38. Ke3 Qd3+ 39. Kf4 Qd2+ 40. Ke5 Qxb2+
41. Kd6 Qd2+ 42. Kc6 1-0

[Event "ISR-chT"]
[Site "Israel"]
[Date "1996.??.??"]
[Round "2"]
[White "Golod, Vitali"]
[Black "Zifroni, Dov"]
[Result "0-1"]
[WhiteElo "2555"]
[BlackElo "2455"]
[Annotator "Psakhis,L"]
[PlyCount "58"]
[EventDate "1996.??.??"]
[EventType "team"]
[EventRounds "11"]
[EventCountry "ISR"]
[SourceTitle "CBM 052 Extra"]
[Source "ChessBase"]
[SourceDate "1996.07.01"]
[SourceVersion "1"]
[SourceVersionDate "1996.07.01"]
[SourceQuality "1"]

1. d4 d5 2. c4 c6 3. Nf3 Nf6 4. Nc3 e6 5. e3 Nbd7 6. Bd3 dxc4 7. Bxc4 b5 8. Bd3
a6 9. e4 c5 10. d5 Qc7 11. O-O Bb7 12. Re1 (12. Qe2 Bd6 13. Bg5 O-O 14. Bxf6
gxf6 (14... Nxf6 $2 15. e5 $16) 15. Rad1 Ne5 $1 (15... Kh8 16. Bc2 Rg8) 16.
Nxe5 Bxe5 17. f4 Bd4+ (17... Bxf4 $2 18. Qg4+ Bg5 19. h4 $16) 18. Kh1 Kh8 $15 {
Timman,J-Ivanchuk,V/Wijk/1996/0-1/42/}) (12. Bc2 Be7 13. dxe6 fxe6 14. Ng5 Qc6
15. Qf3 h6 16. Qh3 hxg5 17. Qxh8+ Kf7 18. Qh3 g4 19. Qh4 Ne5 20. f4 gxf3 21.
gxf3 Ng6 $1 $15 {Lautier,J-Dreev,A/Linares/1995/1:0/42/}) (12. dxe6 fxe6 13.
Ng5 (13. Bc2 Be7 14. Ng5 Qc6 15. Qf3 h6 16. Qh3 hxg5 $1 17. Qxh8+ Kf7 18. Qh3
g4 19. Qh4 Ne5 $44 {Karpov,A-Kramnik,V/Monaco/1994/0-1/40/}) 13... Qc6 14. Qe2
c4 15. Bc2 Bc5 16. Be3 O-O 17. Rad1 h6 18. Nf3 Qc7 $13 {Karpov,A-Anand,V/
Monaco/1994/0-1/100/}) (12. b3 Be7 13. Bg5 O-O 14. Re1 Ne5 15. Nxe5 Qxe5 $10 {
Dreev,A-Onischuk,A/Alushta4/1994/0-1/62/}) (12. Bg5 c4 13. Bc2 Bd6 14. Kh1
O-O-O 15. Nd4 h6 16. Be3 Bc5 $132 17. f4 Rhe8 18. Bg1 exd5 19. e5 Ne4 20. Ndxb5
axb5 21. Nxd5 Bxd5 22. Qxd5 f5 23. e6 Bxg1 24. exd7+ Qxd7 25. Qxd7+ Rxd7 26.
Kxg1 {Podgaets,M-Korneev,O/Moscow op/1995/0-1/50/}) 12... c4 13. Bc2 Bc5 14.
Qe2 $6 {N/} (14. Be3 $5 O-O-O 15. Qd2 Bxe3 16. Qxe3 exd5 17. e5 Rhe8 18. Qd4
Ne4 19. Nxd5 Bxd5 20. Bxe4 Bc6 $10 {Gligoric,S-Thorhallsson,T/Reykjavik op/
1995/0,5/63/}) 14... Ng4 $1 15. Nd1 (15. Rf1 O-O-O 16. h3 h5) 15... O-O-O (
15... O-O $5) 16. h3 (16. dxe6 fxe6 17. Bg5 Rdf8) 16... h5 $1 17. dxe6 (17. a4
$5) 17... fxe6 18. Bg5 $6 (18. a4 $5 b4 (18... Nde5 $2 19. hxg4 Nxf3+ 20. Qxf3
hxg4 21. Qxg4) 19. Ne3 Bxe3 20. Bxe3 Nxe3 21. Qxe3 Nc5 $13) 18... Rdf8 19. e5 (
19. hxg4 $6 hxg4 20. Nh4 g3 21. Nf3 (21. Rf1 gxf2+ 22. Nxf2 Qg3 $19) 21...
gxf2+ 22. Nxf2 Rxf3 $1 23. Qxf3 Qh2+ 24. Kf1 Rf8 $19) (19. a4 Rxf3 20. Qxf3
Qh2+ 21. Kf1 Rf8 22. Qxf8+ Bxf8 23. hxg4 Bb4 $1 24. Nc3 hxg4 $17) 19... Rxf3 $1
(19... Bxf3 $6 20. gxf3 Ngxe5 (20... Qxe5 21. f4 $1 Qxe2 22. Rxe2 Ngf6 23. Rxe6
$14) 21. f4 Nc6 22. Qxe6 Bd6 23. Be4 $1 $13) 20. gxf3 (20. hxg4 Rg3 $1 21. Ne3
(21. Be4 Rxg4) 21... Bxe3 22. Bxe3 Rxg2+ 23. Kf1 hxg4 $19) 20... Ngxe5 $1 (
20... Qxe5 21. f4) 21. Bf4 (21. Be4 Nd3 $1 22. Bxb7+ Kxb7 23. Qe4+ Kb8) 21...
Bd6 22. Be4 Rf8 23. Qe3 (23. Bxe5 Nxe5 24. Kf1 Rf6 $5 25. Nc3 Nxf3 $40) 23...
Bxe4 (23... g5 $5 24. Bxe5 Nxe5 $17) 24. fxe4 $6 (24. Qxe4 $5 Kb8 $5 $17 (24...
Nc5 25. Qa8+ Kd7 26. Qxf8 Bxf8 27. Bxe5 Qc6 $17)) 24... Bc5 $1 25. Bxe5 (25.
Qg3 h4 $1 26. Qg4 Nxg4 (26... Qa5 $5) 27. Bxc7 Nxf2 28. Bd6 $5 Nxh3+ 29. Kg2
Bxd6 30. Kxh3 Rf3+ 31. Kg2 (31. Kxh4 $6 Be7+ 32. Kh5 Ne5 33. Nf2 Rf8 $19) 31...
Rg3+ $19) 25... Nxe5 26. Qc3 Nd3 (26... Nf3+ 27. Kf1 Qh2 $19) 27. Ne3 (27. Re3
Rxf2 $1) 27... Rxf2 28. e5 Rxb2 (28... Qb7 $5 29. Qxd3 Bxe3 $19) 29. Rad1 b4
0-1

[Event "Budapest Krenosz Memorial"]
[Site "Budapest"]
[Date "1976.06.19"]
[Round "4"]
[White "Sapi, Laszlo"]
[Black "Marszalek, Rafal"]
[Result "1/2-1/2"]
[WhiteElo "2395"]
[BlackElo "2395"]
[Annotator "Sapi/Tompa"]
[PlyCount "39"]
[EventDate "1976.06.16"]
[EventType "tourn"]
[EventRounds "15"]
[EventCountry "HUN"]
[SourceTitle "EXT 2021"]
[Source "ChessBase"]
[SourceDate "2020.10.23"]
[SourceVersion "1"]
[SourceVersionDate "2020.10.23"]
[SourceQuality "1"]

1. d4 d5 2. c4 c6 3. Nc3 Nf6 4. Nf3 e6 5. e3 Nbd7 6. Bd3 dxc4 7. Bxc4 b5 8. Bd3
a6 9. e4 c5 10. d5 c4 11. dxe6 fxe6 12. Bc2 Bb7 13. Qe2 (13. O-O Nc5 14. Qxd8+
Rxd8 15. Re1 Nd3 16. Bxd3 Rxd3 17. Ng5 Bb4 $17) 13... Bd6 14. Ng5 Qe7 15. f4 e5
16. f5 Nc5 17. Be3 h6 18. Bxc5 Bxc5 19. Ne6 Bb4 20. Rd1 1/2-1/2

[Event "Bermuda-A"]
[Site "Bermuda"]
[Date "2003.01.30"]
[Round "6"]
[White "Shabalov, Alexander"]
[Black "Al Modiahki, Mohamad"]
[Result "1-0"]
[WhiteElo "2613"]
[BlackElo "2571"]
[Annotator "Shabalov,A"]
[PlyCount "87"]
[EventDate "2003.01.25"]
[EventType "tourn"]
[EventRounds "11"]
[EventCountry "BER"]
[EventCategory "15"]
[SourceTitle "CBM 094"]
[Source "ChessBase"]
[SourceDate "2003.05.26"]
[SourceVersion "1"]
[SourceVersionDate "2003.05.26"]
[SourceQuality "1"]

1. d4 d5 2. c4 c6 3. Nc3 Nf6 4. e3 e6 5. Nf3 Nbd7 6. Bd3 dxc4 7. Bxc4 b5 8. Bd3
Bb7 9. O-O a6 10. e4 c5 11. d5 Qc7 12. dxe6 fxe6 13. Bc2 Bd6 14. Ng5 Nf8 15. f4
O-O-O 16. Qe2 h6 17. Nf3 Bxf4 18. e5 Bxf3 (18... Bxc1 19. Raxc1 Nd5 20. Ne4 Kb8
21. a4 c4 22. Nd6 Nd7 23. axb5 Qb6+ 24. Qf2 Rhf8 25. bxa6 Bxa6 26. Ra1 Bb7 27.
Nxc4 Qxf2+ 28. Rxf2 $16 {1-0 Hahn,A-Krush,I/Seattle(US champ-playoff)/2003(64)}
) 19. Rxf3 Bxe5 20. a4 {This multiple pawn sacrifice was introduced in
Akopian-Khenkin, Bad Wiessee 2001 and was tested in couple more games later.
However 16.Qe2 itself was overshadowed lately by huge popularity of 16.Qe1 
(thanks mostly to Shirov's win over Dreev in Sarajevo 2002), so the position
on a board is still a rare guest in tournament practice.} Ng4 {Technically a
novelty, though of course the most analyzed continuation here. Earlier happened
} (20... b4 21. Qxa6+ Kd7 (21... Qb7 22. Qe2 Bd4+ 23. Kh1 {1-0 Shabalov-Mulyar,
Denver,2002(40)}) 22. Nb5 Qc6 23. Qa7+ Ke8 {1-0 Akopian-Khenkin,Bad Wiessee
2001(56)}) 21. g3 Bd4+ {21...b4 is another option here.} 22. Kg2 Qe5 {With two
pawns up it is obvious that black is searching for queens exchange.It was too
late for} (22... b4 23. Qxa6+ Qb7 24. Qxb7+ Kxb7 25. Nb5 $16 {and white gets
an important tempo hitting the bishop on d4.}) 23. Be4 $1 (23. Ne4 {runs into}
Ng6 {with a hard to meet threat of Nh4+} ({Also possible was} 23... Qh5 24. h3
Ne5 {and the attempt to win a queen fails} 25. Nd6+ Rxd6 26. Rxf8+ Rxf8 27.
Qxh5 Rf2+ 28. Kh1 Nf3 $19) 24. Rf7 Qh5 25. Qf3 Rd5 $1 (25... Qxh2+ 26. Kf1 Qg1+
27. Ke2 Qh2+ 28. Kf1 {= would only lead to a draw.}) 26. Nd6+ Kd8 $17) 23...
Bxc3 ({losing is} 23... Qh5 24. h3 Ne5 25. axb5 Nxf3 26. Bxf3 Qe5 27. Qxe5 Bxe5
28. bxa6) (23... Ng6 {was interesting, but probably not sufficient} 24. Rf1 (
24. Rf7 {Also is a different ball game now} Nh4+ 25. Kh3) 24... Bxc3 25. Qxg4
Bxb2 26. Bxb2 Qxb2+ 27. Kh1 Nf8 28. axb5 axb5 29. Ra8+ Kc7 30. Rf7+ Nd7 31.
Ra7+) 24. Rxc3 Rd4 25. Bf3 Qxe2+ 26. Bxe2 bxa4 ({More stubborn was} 26... c4
27. axb5 axb5 28. Ra5 Ng6 ({Or} 28... Kc7 29. Rxb5 Nd7 30. Rxc4+ Rxc4 31. Bxc4
e5) 29. h3 N4e5 30. Rxb5 Re4 $16) 27. h3 ({Probably stronger was} 27. Rxc5+ Kd7
(27... Kb7 28. Bf3+ Kb6 29. Rc2 Nd7 30. h3 Nge5 31. Be3) 28. Bxg4 Rxg4 29. Bf4)
27... Nf6 28. Be3 Kd7 $2 {There was no need for panic.} ({Stronger was} 28...
Re4 29. Bxa6+ Kd8 30. Bxc5 Nd5 31. Rcc1 Nd7 32. Bd3 {and black can still fight
after} Rf4) 29. Bxd4 cxd4 30. Rc5 $1 {After this strong move the game is over.}
Kd6 31. Ra5 (31. Rc8 $16 {Tying up black knight was also good.}) 31... N8d7 32.
R5xa4 e5 33. Rxa6+ Ke7 34. Bc4 Rb8 35. Re6+ Kd8 36. b3 Rb7 37. g4 Ne4 $2 {
A blunder in a time trouble.} (37... e4 $16) 38. Bd5 Nec5 39. Ra8+ Rb8 40.
Rxb8+ Nxb8 41. Rxe5 Nbd7 42. Rf5 Nf6 43. Bc4 Nce4 44. Bd3 1-0